00421nam a22001457a 4500008004100000020001500041040001500056050002800071100002400099245004300123250001200166260003900178300001800217650004000235181013b xxu||||| |||| 00| 0 eng d a0123706171 aKABUcKABU aQD453.2b.M67 2008 c. 1 aMortimer, Robert G. aPhysical chemistrycRobert G. Mortimer a3rd ed. aUSAbElsevier Academic Pressc2008 axvii, 1395 p. aChemistry, Physical and theoretical